<?xml version="1.0" encoding="UTF-8"?>
<collection xmlns="http://www.loc.gov/MARC21/slim">
  <record>
    <leader>00000nam  2200000   4500</leader>
    <controlfield tag="001">INLIS000000000018529</controlfield>
    <controlfield tag="005">20241121103718</controlfield>
    <datafield tag="035" ind1="#" ind2="#">
      <subfield code="a">0010-1124000195</subfield>
    </datafield>
    <controlfield tag="007">ta</controlfield>
    <controlfield tag="008">241121###########################0######</controlfield>
    <datafield tag="245" ind1="#" ind2="#">
      <subfield code="a">SAFETY INDUCTION :</subfield>
      <subfield code="b">Keselamatan Dimulai Di Sini /</subfield>
      <subfield code="c">Amilah Eka Putri, S.KEP., M.KKK</subfield>
    </datafield>
    <datafield tag="260" ind1="#" ind2="#">
      <subfield code="a">Makassar :</subfield>
      <subfield code="b">Puslatbang KMP RI LAN Makassar,</subfield>
      <subfield code="c">2024</subfield>
    </datafield>
    <datafield tag="300" ind1="#" ind2="#">
      <subfield code="a">35 ;</subfield>
      <subfield code="c">30</subfield>
    </datafield>
    <datafield tag="650" ind1="#" ind2="4">
      <subfield code="a">Pentingnya Safety Induction</subfield>
    </datafield>
    <datafield tag="700" ind1=" " ind2="#">
      <subfield code="a">DR. Rasyika Nurul Fadjriah, SKM., M.Kes (Mentor)</subfield>
    </datafield>
    <datafield tag="700" ind1=" " ind2="#">
      <subfield code="a">Fajar Lingga Prasetya, S.AB (Coach)</subfield>
    </datafield>
    <datafield tag="520" ind1="#" ind2="#">
      <subfield code="a">Kegiatan aktualisasi ini dilaksanakan selama kurang lebih 1 bulan, yakni dimulai pada tanggal 17 september 2024 sampai 11 oktober 2024 bertempat di Fakultas Kesehatan Masyarakat Universitas Tadulako&#13;
&#13;
Fakultas Kesehatan Masyarakat tidak merniliki sumber daya yang cukup untuk mengembangkan dan melaksanakan program safety induction. Ini bisa berupa keterbatasan anggaran, tenaga kerja atau fasilitas. Kurangnya komunikasi atau sosialisasi tentang pentingnya safety induction bisa menyebabkan minimnya perhatian atau dukungan terhadap program ini Safety induction mungkin belum menjadi prioritas utama bagi fakultas dibandingkan dengan aspek lain seperti kunkulum atau penelitian ini bisa jadi karena kurangnya kesadaran akan pentingnya program ini atau karena adanya prioritas yang dianggap lebih mendesak. Safety induction sangatlah penting demi keamanan dan keselamatan, pengurangan risiko dan kesiapan darurat Melalui safety induction yang efektif maka fakultas dapat memastikan bahwa semua individu di kampus memiliki pemahaman yang jelas tentang prosedur keselamatan dan risiko yang mungkin dihadapi, serta cara untuk mengelola dan mengurangi risiko tersebut secara efektif&#13;
&#13;
Gagasan pemecahan isu yang diangkat dalam aktualisasi yaitu belum tersedianya safety induction dengan judul keselamatan dimulai di sini Pentingnya safety induction. Sesuai dengan kontribusi terhadap visi dan misi Fakultas Kesehatan Masyarakat&#13;
&#13;
Kegiatan yang dilakukan yaitu melakukan perencanaan dan pengembangan konsep; melakukan produksi video, melakukan distribusi dan implementasi video, melakukan sosialisasi video: melakukan evaluasi, dan melakukan pembuatan infografis terkait safety induction.</subfield>
    </datafield>
    <datafield tag="856" ind1="#" ind2="#">
      <subfield code="a">PUSLATBANG KMP LAN RI Makassar</subfield>
    </datafield>
  </record>
</collection>
